| 000 | 00365pab a2200133 454500 | ||
|---|---|---|---|
| 008 | 180718b1983 xxu||||| |||| 00| 0 eng d | ||
| 100 | _aThordarson, Bruce | ||
| 245 | _aCanada's cooperative sector - after 75 years of growth | ||
| 260 | _c1983 | ||
| 300 | _a5-10 | ||
| 650 | _aCooperation - Canada | ||
| 773 | _aReview of International Co - Operation | ||
| 909 | _a6664 | ||
| 999 |
_c6664 _d6664 |
||